000 00480nam a2200169Ia 4500
005 20250423100638.0
008 250422s9999 xx 000 0 und d
020 _a9783260464
050 _aHD 9502.N6 .P75/
100 _aEdited by Oladiran Fawibe
245 0 _aPrivatization: opportunities and challenges in the Nigerian energy and mineral sector
260 _aLagos
260 _bInternational Energy Services Limited.
260 _c2000
300 _a371 p
942 _cBK
999 _c33931
_d33931